La vie de Paris sous Louis XIII (Record no. 30697)
[ view plain ]
| 000 -LEADER | |
|---|---|
| campo de control de longitud fija | 00566nam a2200169 i 4500 |
| 001 - NÚMERO DE CONTROL | |
| campo de control | 30697 |
| 003 - IDENTIFICADOR DE NÚMERO DE CONTROL | |
| campo de control | ES-MaACL |
| 005 - FECHA Y HORA DE LA ÚLTIMA TRANSACCIÓN | |
| campo de control | 20230906154235.0 |
| 007 - CAMPO FIJO DE DESCRIPCIÓN FÍSICA--INFORMACIÓN GENERAL | |
| campo de control de longitud fija | t| |
| 008 - DATOS DE LONGITUD FIJA--INFORMACIÓN GENERAL | |
| campo de control de longitud fija | 030127s1932 fr ||||1| fre d |
| 100 1# - ENTRADA PRINCIPAL--NOMBRE DE PERSONA | |
| Nombre de persona | Batiffol, Louis. |
| 9 (RLIN) | 26424 |
| 245 13 - MENCIÓN DEL TÍTULO | |
| Título | La vie de Paris sous Louis XIII |
| Resto del título | : l'existence pittoresque des parisiens an XVII siécle / |
| Mención de responsabilidad, etc. | Louis Batiffol. |
| 260 ## - PUBLICACIÓN, DISTRIBUCIÓN, ETC. | |
| Lugar de publicación, distribución, etc. | París : |
| Nombre del editor, distribuidor, etc. | Calmann-Lévy, |
| Fecha de publicación, distribución, etc. | 1932 ( |
| Lugar de fabricación/manufactura | Coulommiers : |
| Fabricante | Paul Brodard) |
| 300 ## - DESCRIPCIÓN FÍSICA | |
| Extensión | 252 p. ; |
| Dimensiones | 19 cm. |
| 651 #4 - PUNTO DE ACCESO ADICIONAL DE MATERIA--NOMBRE GEOGRÁFICO | |
| Nombre geográfico | Paris- |
| Subdivisión general | Usos y costumbres- |
| Subdivisión cronológica | S.XVII. |
| 9 (RLIN) | 163735 |
| 852 ## - LOCALIZACIÓN | |
| Ubicación | ES-MaACL |
| Número de control de estantería | A-1126 |
| Estatus retirado | Estado de pérdida | Estado de daño | No para préstamo | Biblioteca de origen | Biblioteca actual | Ubicación en estantería | Fecha de adquisición | Fuente de adquisición | Total de préstamos | Signatura topográfica completa | Código de barras | Visto por última vez | Precio de reemplazo | Tipo de ítem Koha |
|---|---|---|---|---|---|---|---|---|---|---|---|---|---|---|
| Biblioteca del Ateneo de Madrid | Biblioteca del Ateneo de Madrid | Sala Pecera Planta 1 | 17/01/2008 | A-1126 | 1031702 | 23/02/2023 | 23/02/2023 | Libro impreso |
